000 01316aam a2200361 i 4500
001 vtls001025994
003 PNM
005 20250203160205.0
008 241226t20242024xxka j 001 0 eng d
020 _a9781915461155
_qhardback
_cRM86.00
039 9 _a202501231547
_bathirah
_c202501231512
_dathirah
_c202501131018
_dmasliza
_c202501081020
_dmasliza
040 _aPNM
_beng
_cPNM
_dPPAK
_erda
049 _aklp
082 0 4 _a567.9
_223
090 1 0 _a567.9
_bGRI
_dK
100 1 _aGriffin, Annabel,
_eauthor.
245 1 0 _aMY FIRST BOOK OF DINOSAURS /
_cWRITTEN BY ANNABEL GRIFFIN ; ILLUSTRATED BY ANDREA CASTRO NARANJO ; Editor: Holly Thornton
264 1 _aCornwall, UK :
_bBeetle Books in an imprint of Hungry Tomato,
_c2024
264 4 _c©2024
300 _a45 pages :
_bcolour illustrations ;
_c31 cm
336 _atext
_2rdacontent
337 _aunmediated
_2rdamedia
338 _avolume
_2rdacarrier
500 _aIncludes index
650 1 0 _aDinosaurs
_vJuvenile literature
650 2 0 _aPicture books for children
700 1 _aCastro, Andrea,
_d1990-
_eillustrator.
700 1 _aThornton, Holly,
_eeditor.
942 _2ddc
_cB
949 _61001483265
_e2906988
_s3712:20241230
949 _61001483266
_e2906987
_s3712:20241230
949 _61001483267
_e2906986
_s3712:20241230
999 _c198744
_d198744